Sun Yat Sen and the Chinese republic /

Bibliographic Details
Main Author: Linebarger, Paul Myron Wentworth, 1871-1939
Format: Book
Language:English
Published: New York & London : The Century co., [1925]
Subjects:

MARC

Tag First Indicator Second Indicator Subfields
LEADER 00000cam a2200000 i 4500
001 in00000077021
005 20151008055025.0
008 720417s1925 nyu 00010beng u
010 |a  25004930  
035 |a (OCoLC)00285862 
035 |9 AAJ2348AM 
040 |c KSU  |d TXA  |d UtOrBLW 
049 |a TXAM  |c [23987] 
090 |a DS777  |b  L5 
100 1 |a Linebarger, Paul Myron Wentworth,  |d 1871-1939. 
245 1 0 |a Sun Yat Sen and the Chinese republic /  |c by Paul Linebarger... 
264 1 |a New York &  |a London :  |b The Century co.,  |c [1925] 
264 4 |c [©1925] 
300 |a xviii, 371 pages :  |b frontispiece, plates, portraits ;  |c 20 1/2 cm. 
336 |a text  |b txt  |2 rdacontent 
337 |a unmediated  |b n  |2 rdamedia 
338 |a volume  |b nc  |2 rdacarrier 
600 1 0 |a Sun, Yat-sen,  |d 1866-1925. 
651 0 |a China  |x History  |y Republic, 1912-1949. 
999 |a MARS 
999 f f |s 0786df5f-9b1d-3610-b252-0918b94c761c  |i 7dbc33df-35d6-3c2c-a6b4-d7a563a3894f  |t 0 
952 f f |p ric  |a Texas A&M University  |b Rellis Campus  |c Joint Library Facility  |d Remote Storage  |t 0  |e DS777 L5  |h Library of Congress classification  |i unmediated -- volume  |m A14802071787 
998 f f |a DS777 L5  |t 0  |l Remote Storage